000 00580nam a22001937a 4500
999 _c4524
_d4524
003 AR-CdUCM
008 190308b ||||| |||| 00| 0 spa d
020 _a84-205-0003-8
040 _aMUNICIPALIDAD PROVINCIAL DEL CUSCO
_cBIBLIOTECA MUNICIPAL DEL CUSCO
082 _a868 /
_bP26
100 _aParaíso de Leal, Isabel
_914181
245 _aJuan Ramón Jiménez :
_bVivencia y Palabra /
260 _aEspaña :
_bAlhambra ;
_c1976.
300 _a260 páginas ;
_c21cm
505 _aContenido: Biografía
650 _aBiografía
_910983
942 _2ddc
_cLIBROS
945 _anom